Programming with C++ (Record no. 13689)
[ view plain ]
| 000 -LEADER | |
|---|---|
| fixed length control field | 00777cam a2200217La 4500 |
| 020 ## - INTERNATIONAL STANDARD BOOK NUMBER | |
| ISBN | 9780071353465 |
| 020 ## - INTERNATIONAL STANDARD BOOK NUMBER | |
| ISBN | 9780070144811 |
| 082 #4 - DEWEY DECIMAL CLASSIFICATION NUMBER | |
| Classification number | 005.133 |
| Item number | HUB/PR |
| 100 1# - MAIN ENTRY--AUTHOR NAME | |
| Personal name | Hubbard, J. R. |
| 245 10 - TITLE STATEMENT | |
| Title | Programming with C++ |
| 260 ## - PUBLICATION, DISTRIBUTION, ETC. (IMPRINT) | |
| Place of publication | New Delhi |
| Name of publisher | Tata McGraw-Hill Education Private Limited |
| Year of publication | 2009 |
| 300 ## - PHYSICAL DESCRIPTION | |
| Number of Pages | vi, 169 p. : |
| Other physical details | ill. ; |
| 490 1# - SERIES STATEMENT | |
| Series statement | Schaum's outline series |
| 500 ## - GENERAL NOTE | |
| General note | "Based on Schaum's outline of programming with C++." |
| 500 ## - GENERAL NOTE | |
| General note | Includes index. |
| 520 ## - SUMMARY, ETC. | |
| Summary, etc | A crash course that includes fully solved problems for every topic, expert tips for mastering Programming with C++, and all you need to know to pass the course. |
| 650 #0 - SUBJECT ADDED ENTRY--TOPICAL TERM | |
| Topical Term | C++ (Computer program language) |
| 700 1# - ADDED ENTRY--PERSONAL NAME | |
| Personal name | Kahate, Atul |
| 700 1# - ADDED ENTRY--PERSONAL NAME | |
| Personal name | Baxter, Anthony Q. |
| 942 ## - ADDED ENTRY ELEMENTS (KOHA) | |
| Koha item type | Books |
| Withdrawn status | Lost status | Damaged status | Collection code | Home library | Current library | Shelving location | Date acquired | Source of acquisition | Cost, normal purchase price | Full call number | Accession Number | Koha item type |
|---|---|---|---|---|---|---|---|---|---|---|---|---|
| Non-fiction | KAUAET | KAUAET | General Stacks | 31/03/2012 | International Books and periodical supply service, New Delhi | 335.00 | 005.133 HUB/PR | 23049 | Books | |||
| Non-fiction | KAUAET | KAUAET | General Stacks | 31/03/2012 | International Books and periodical supply service, New Delhi | 335.00 | 005.133 HUB/PR | 23050 | Books | |||
| Non-fiction | KAUAET | KAUAET | General Stacks | 31/03/2012 | International Books and periodical supply service, New Delhi | 335.00 | 005.133 HUB/PR | 23051 | Books | |||
| Non-fiction | KAUAET | KAUAET | General Stacks | 31/03/2012 | International Books and periodical supply service, New Delhi | 335.00 | 005.133 HUB/PR | 23052 | Books | |||
| Non-fiction | KAUAET | KAUAET | General Stacks | 31/03/2012 | International Books and periodical supply service, New Delhi | 335.00 | 005.133 HUB/PR | 23053 | Books | |||
| KAUAET | KAUAET | 25/09/2014 | 005.133 HUB/PR | 19523 | Books |
